[Event "Split Open 2016"]
[Site "Split CRO"]
[Date "2016.08.17"]
[Round "6.15"]
[White "Yrjola, Jouni"]
[Black "Verdaguer Muntanya, Marc"]
[Result "1/2-1/2"]
[WhiteElo "2344"]
[BlackElo "2062"]
[PlyCount "75"]
[EventDate "2016.08.13"]
[EventType "swiss"]
[EventRounds "9"]
[EventCountry "CRO"]
[SourceTitle "Ajedrez en Madrid"]
[Source "lmi"]
[SourceDate "2016.08.13"]
[SourceVersion "1"]
[SourceVersionDate "2018.03.10"]
[SourceQuality "1"]

1. d4 d5 2. c4 c6 3. Nf3 e6 4. Nc3 dxc4 5. a4 Bb4 6. e3 b5 7. Bd2 a5 8. axb5
Bxc3 9. Bxc3 cxb5 10. b3 Bb7 11. bxc4 b4 12. Bb2 Nf6 13. c5 O-O 14. Bb5 Bc6 15.
Ba4 Qc7 16. O-O Nbd7 17. Qe2 Rfe8 18. Rfc1 Ne4 19. Qc2 f5 20. Ne1 Ra7 21. Nd3
Rea8 22. Nf4 Bxa4 23. Qxa4 Kf7 24. c6 Nb6 25. Qb5 g5 26. Nd3 Nd6 27. Ne5+ Kg8
28. Qd3 a4 29. d5 Nxd5 30. f3 a3 31. Bd4 Ra5 32. Nd7 R5a6 33. Ne5 Ra5 34. Ra2
Nb5 35. Nd7 Nxd4 36. exd4 Nf4 37. Qc4 Nd5 38. Qb3 1/2-1/2

[Event "Split Open 2016"]
[Site "Split CRO"]
[Date "2016.08.17"]
[Round "6.16"]
[White "Katavic, Borivoj"]
[Black "Rodi, Luis Ernesto"]
[Result "0-1"]
[WhiteElo "2168"]
[BlackElo "2344"]
[PlyCount "100"]
[EventDate "2016.08.13"]
[EventType "swiss"]
[EventRounds "9"]
[EventCountry "CRO"]
[SourceTitle "Ajedrez en Madrid"]
[Source "lmi"]
[SourceDate "2016.08.13"]
[SourceVersion "1"]
[SourceVersionDate "2018.03.10"]
[SourceQuality "1"]

1. e4 e5 2. Nc3 Nf6 3. g3 d5 4. exd5 Nxd5 5. Bg2 Nxc3 6. bxc3 Nc6 7. Ne2 Bd6 8.
h3 O-O 9. O-O Bd7 10. d3 Ne7 11. c4 Bc6 12. c3 Qd7 13. Qb3 Bxg2 14. Kxg2 Qc6+
15. Kh2 Qf3 16. Qd1 Rad8 17. Be3 Nf5 18. Ng1 Qc6 19. Qg4 Nxe3 20. fxe3 e4 21.
d4 Qxc4 22. Qxe4 Rfe8 23. Qf3 Qxc3 24. Rae1 Re6 25. Kg2 Qd3 26. g4 b6 27. Re2
a5 28. h4 Rf6 29. Qd5 Rxf1 30. Kxf1 Re8 31. Qf3 h6 32. Nh3 Re6 33. g5 hxg5 34.
hxg5 Kf8 35. Nf4 Bxf4 36. Qxf4 Kg8 37. Ke1 Rc6 38. Qg4 g6 39. Qc8+ Kg7 40. Qg4
Rc1+ 41. Kf2 Qd1 42. Qg2 Qxe2+ 43. Kxe2 Rc2+ 44. Kf3 Rxg2 45. Kxg2 b5 46. e4 f6
47. d5 fxg5 48. e5 Kf7 49. Kf3 b4 50. Ke4 Ke7 0-1

[Event "Split Open 2016"]
[Site "Split CRO"]
[Date "2016.08.17"]
[Round "6.18"]
[White "Pavic, Filip"]
[Black "Franca, Veronika"]
[Result "1/2-1/2"]
[WhiteElo "2209"]
[BlackElo "1991"]
[PlyCount "99"]
[EventDate "2016.08.13"]
[EventType "swiss"]
[EventRounds "9"]
[EventCountry "CRO"]
[SourceTitle "Ajedrez en Madrid"]
[Source "lmi"]
[SourceDate "2016.08.13"]
[SourceVersion "1"]
[SourceVersionDate "2018.03.10"]
[SourceQuality "1"]

1. e4 c5 2. Nf3 d6 3. Bb5+ Bd7 4. Bxd7+ Qxd7 5. c4 Nc6 6. Nc3 g6 7. d4 cxd4 8.
Nxd4 Bg7 9. Be3 Nf6 10. f3 O-O 11. O-O Rac8 12. b3 Rfd8 13. Rc1 Ne8 14. Nde2
Nc7 15. Qd2 f5 16. exf5 Qxf5 17. Nd5 e6 18. Nxc7 Rxc7 19. Qc2 Rcd7 20. Qxf5
gxf5 21. Nf4 Bd4 22. Bxd4 Nxd4 23. Rcd1 e5 24. Nd5 Rg7 25. f4 Kf7 26. Ne3 Ke6
27. fxe5 dxe5 28. Nxf5 Rgd7 29. Ne3 Ne2+ 30. Kf2 Nc3 31. Rxd7 Rxd7 32. Kf3 Rd2
33. Rf2 e4+ 34. Kg3 Rxf2 35. Kxf2 Nxa2 36. Nc2 a5 37. Ke3 Ke5 38. g4 Nc1 39.
Nd4 Nd3 40. g5 Nf2 41. Kxf2 Kxd4 42. h4 Ke5 43. Ke3 Kf5 44. c5 Kg4 45. Kxe4
Kxh4 46. Kf4 Kh5 47. Kf5 Kh4 48. Kf4 Kh5 49. Kf5 Kh4 50. Kf4 1/2-1/2

[Event "Split Open 2016"]
[Site "Split CRO"]
[Date "2016.08.17"]
[Round "6.19"]
[White "Lafortune, Emerick"]
[Black "Bender, Ivan"]
[Result "1-0"]
[WhiteElo "1938"]
[BlackElo "2200"]
[PlyCount "61"]
[EventDate "2016.08.13"]
[EventType "swiss"]
[EventRounds "9"]
[EventCountry "CRO"]
[SourceTitle "Ajedrez en Madrid"]
[Source "lmi"]
[SourceDate "2016.08.13"]
[SourceVersion "1"]
[SourceVersionDate "2018.03.10"]
[SourceQuality "1"]

1. Nf3 Nf6 2. c4 g6 3. g3 Bg7 4. Bg2 O-O 5. O-O d5 6. cxd5 Nxd5 7. d4 Nc6 8.
Nc3 Nxc3 9. bxc3 Na5 10. Ne5 Rb8 11. Ba3 Be6 12. Qa4 c6 13. Bxe7 Qxe7 14. Qxa5
f6 15. Nd3 Bc4 16. Rfe1 Rfe8 17. Nf4 Qf7 18. Qxa7 Ra8 19. Qb6 Bxa2 20. Nd3 Ra6
21. Qb2 Bf8 22. Nb4 Bxb4 23. Qxb4 Kg7 24. e4 Rea8 25. e5 Be6 26. Rxa6 Rxa6 27.
exf6+ Kxf6 28. Qd6 Qd7 29. Qf8+ Qf7 30. Qh8+ Kg5 31. Qe5+ 1-0

[Event "Split Open 2016"]
[Site "Split CRO"]
[Date "2016.08.17"]
[Round "6.20"]
[White "Stocko, Josip"]
[Black "Blum, Gernot"]
[Result "1-0"]
[WhiteElo "2326"]
[BlackElo "2020"]
[PlyCount "45"]
[EventDate "2016.08.13"]
[EventType "swiss"]
[EventRounds "9"]
[EventCountry "CRO"]
[SourceTitle "Ajedrez en Madrid"]
[Source "lmi"]
[SourceDate "2016.08.13"]
[SourceVersion "1"]
[SourceVersionDate "2018.03.10"]
[SourceQuality "1"]

1. e4 c5 2. Nf3 g6 3. d4 cxd4 4. Qxd4 Nf6 5. e5 Nc6 6. Qa4 Nd5 7. Qe4 Nc7 8.
Nc3 Bg7 9. Bf4 Ne6 10. Bg3 O-O 11. h4 d6 12. O-O-O Qa5 13. h5 dxe5 14. hxg6
hxg6 15. Bc4 Rd8 16. Rxd8+ Qxd8 17. Nxe5 Qd4 18. Nxc6 Qxe4 19. Nxe7+ Kf8 20.
Nxe4 Kxe7 21. Bd6+ Ke8 22. Rh7 Bd4 23. f3 1-0

[Event "Split Open 2016"]
[Site "Split CRO"]
[Date "2016.08.17"]
[Round "6.21"]
[White "Luetic, Ante"]
[Black "Šaric, Ante"]
[Result "1/2-1/2"]
[WhiteElo "2059"]
[BlackElo "2562"]
[PlyCount "111"]
[EventDate "2016.08.13"]
[EventType "swiss"]
[EventRounds "9"]
[EventCountry "CRO"]
[SourceTitle "Ajedrez en Madrid"]
[Source "lmi"]
[SourceDate "2016.08.13"]
[SourceVersion "1"]
[SourceVersionDate "2018.03.10"]
[SourceQuality "1"]

1. c4 e6 2. Nc3 Nf6 3. e4 c5 4. Nf3 Nc6 5. a3 d5 6. cxd5 exd5 7. exd5 Nxd5 8.
d4 Be7 9. Be2 O-O 10. O-O Be6 11. Nxd5 Qxd5 12. dxc5 Bxc5 13. b4 Bb6 14. Qxd5
Bxd5 15. Bb2 Rad8 16. Bc3 f6 17. a4 Rfe8 18. Rfe1 a5 19. bxa5 Bxa5 20. Bxa5
Nxa5 21. Bb5 Rxe1+ 22. Nxe1 Be4 23. f3 Bg6 24. Rc1 h5 25. h4 Kh7 26. Kf2 Rd2+
27. Ke3 Ra2 28. Rc3 Bf7 29. g4 hxg4 30. fxg4 Nc6 31. Nf3 Bd5 32. Kf4 Rb2 33.
Kg3 Rb4 34. Ra3 Kg6 35. Bd3+ Kf7 36. Be2 Be6 37. g5 Ne7 38. gxf6 gxf6 39. a5
Nf5+ 40. Kf2 Rb2 41. Ke1 Bd5 42. h5 Kg7 43. Nd2 Kh6 44. a6 bxa6 45. Rxa6 Kg7
46. Ra3 Rb6 47. Kf2 Kh6 48. Ra5 Rd6 49. Nc4 Bxc4 50. Bxc4 Ng7 51. Be2 f5 52.
Ra8 Nxh5 53. Bxh5 Kxh5 54. Kf3 Kg6 55. Rg8+ Kf7 56. Rg5 1/2-1/2

[Event "Split Open 2016"]
[Site "Split CRO"]
[Date "2016.08.17"]
[Round "6.25"]
[White "Nikic, Patrick"]
[Black "Muha, Miljenko"]
[Result "0-1"]
[WhiteElo "2026"]
[BlackElo "2214"]
[PlyCount "94"]
[EventDate "2016.08.13"]
[EventType "swiss"]
[EventRounds "9"]
[EventCountry "CRO"]
[SourceTitle "Ajedrez en Madrid"]
[Source "lmi"]
[SourceDate "2016.08.13"]
[SourceVersion "1"]
[SourceVersionDate "2018.03.10"]
[SourceQuality "1"]

1. e4 e6 2. d4 d5 3. Nc3 Bb4 4. e5 c5 5. a3 Bxc3+ 6. bxc3 Qa5 7. Bd2 Qa4 8. Qg4
Kf8 9. Qd1 Nc6 10. Qb1 c4 11. Nh3 Nge7 12. Nf4 Ke8 13. Nh5 Rg8 14. g4 Kd8 15.
f4 Kc7 16. Bh3 Bd7 17. O-O Raf8 18. f5 exf5 19. gxf5 Bxf5 20. Bxf5 Nxf5 21.
Rxf5 g6 22. Rxf7+ Rxf7 23. Nf6 Rd8 24. Qf1 Kb8 25. e6 Re7 26. Re1 Qxc2 27. Bg5
Qf5 28. Qxf5 gxf5 29. Kf2 Kc7 30. Kf3 Rg7 31. h4 Ne7 32. Nh5 Rxg5 33. hxg5 Kd6
34. Kf4 Rf8 35. Nf6 b5 36. Nd7 Re8 37. Nc5 Rf8 38. a4 Ng6+ 39. Kf3 bxa4 40. Ra1
Ra8 41. Rxa4 a5 42. Ke2 Nf4+ 43. Kd2 Nxe6 44. Nb7+ Kc6 45. Nxa5+ Kb5 46. Rb4+
Kxa5 47. Rb7 Nxg5 0-1

[Event "Split Open 2016"]
[Site "Split CRO"]
[Date "2016.08.17"]
[Round "6.36"]
[White "Maar, Samuel"]
[Black "Janzelj, Lara"]
[Result "1-0"]
[WhiteElo "1998"]
[BlackElo "2081"]
[PlyCount "30"]
[EventDate "2016.08.13"]
[EventType "swiss"]
[EventRounds "9"]
[EventCountry "CRO"]
[SourceTitle "Ajedrez en Madrid"]
[Source "lmi"]
[SourceDate "2016.08.13"]
[SourceVersion "1"]
[SourceVersionDate "2018.03.10"]
[SourceQuality "1"]

1. e4 e5 2. Nf3 Nc6 3. Bc4 Bc5 4. c3 Nf6 5. d4 exd4 6. e5 d5 7. Bb5 Ne4 8. cxd4
Bb6 9. O-O O-O 10. h3 f6 11. Nc3 fxe5 12. Nxe4 dxe4 13. Ng5 Qf6 14. Bc4+ Kh8
15. Nf7+ Rxf7 1-0

[Event "Split Open 2016"]
[Site "Split CRO"]
[Date "2016.08.18"]
[Round "7.1"]
[White "Šale, Srdan"]
[Black "Brkic, Ante"]
[Result "0-1"]
[WhiteElo "2420"]
[BlackElo "2577"]
[PlyCount "84"]
[EventDate "2016.08.13"]
[EventType "swiss"]
[EventRounds "9"]
[EventCountry "CRO"]
[SourceTitle "Ajedrez en Madrid"]
[Source "lmi"]
[SourceDate "2016.08.13"]
[SourceVersion "1"]
[SourceVersionDate "2018.03.10"]
[SourceQuality "1"]

1. c4 e6 2. Nf3 d5 3. d4 Nf6 4. Nc3 Bb4 5. Bg5 h6 6. Bxf6 Qxf6 7. e3 O-O 8. Rc1
dxc4 9. Bxc4 c5 10. a3 cxd4 11. Qxd4 Be7 12. Qe4 Rd8 13. O-O Nc6 14. Bd3 g6 15.
Rfd1 Bd7 16. Bb1 Be8 17. Ba2 Bxa3 18. Qc2 Nb4 19. Rxd8 Rxd8 20. Qb3 Bxb2 21.
Ne4 Qg7 22. Rb1 Nxa2 23. Qxa2 Bc6 24. Ng3 Bf6 25. Qxa7 h5 26. h3 e5 27. Qa5 Rd5
28. Qa7 Rd7 29. Rb4 Qf8 30. Rb1 Qd8 31. Rb4 Rd1+ 32. Kh2 Bxf3 33. gxf3 Qd2 34.
Ne4 Qxb4 35. Nxf6+ Kg7 36. Ne4 h4 37. Qb8 Qe7 38. f4 exf4 39. Qxf4 Rd5 40. Kg2
Rf5 41. Qg4 Re5 42. f3 f5 0-1

[Event "Split Open 2016"]
[Site "Split CRO"]
[Date "2016.08.18"]
[Round "7.3"]
[White "Jaracz, Pawel"]
[Black "Biliškov, Vjekoslav"]
[Result "1/2-1/2"]
[WhiteElo "2477"]
[BlackElo "2281"]
[PlyCount "34"]
[EventDate "2016.08.13"]
[EventType "swiss"]
[EventRounds "9"]
[EventCountry "CRO"]
[SourceTitle "Ajedrez en Madrid"]
[Source "lmi"]
[SourceDate "2016.08.13"]
[SourceVersion "1"]
[SourceVersionDate "2018.03.10"]
[SourceQuality "1"]

1. e4 c5 2. Nf3 Nc6 3. d4 cxd4 4. Nxd4 Nf6 5. Nc3 d6 6. Bg5 e6 7. Qd2 Qb6 8.
Nb3 a6 9. Bxf6 gxf6 10. O-O-O Bd7 11. f4 O-O-O 12. Be2 h5 13. Rhf1 Kb8 14. Kb1
Be7 15. Bf3 h4 16. a3 Rc8 17. Qe1 Rc7 1/2-1/2

[Event "Split Open 2016"]
[Site "Split CRO"]
[Date "2016.08.18"]
[Round "7.4"]
[White "Jaracz, Barbara"]
[Black "Milenkovic, Mladen"]
[Result "0-1"]
[WhiteElo "2248"]
[BlackElo "2338"]
[PlyCount "52"]
[EventDate "2016.08.13"]
[EventType "swiss"]
[EventRounds "9"]
[EventCountry "CRO"]
[SourceTitle "Ajedrez en Madrid"]
[Source "lmi"]
[SourceDate "2016.08.13"]
[SourceVersion "1"]
[SourceVersionDate "2018.03.10"]
[SourceQuality "1"]

1. e4 c5 2. Nf3 d6 3. Bb5+ Bd7 4. Bxd7+ Qxd7 5. O-O g6 6. c3 Bg7 7. d4 cxd4 8.
cxd4 Nf6 9. Nc3 O-O 10. h3 Nc6 11. Be3 Rfd8 12. d5 Ne5 13. Nd2 b5 14. Qe2 b4
15. Nb5 a6 16. Nd4 Qb7 17. f4 Ned7 18. Nc6 Re8 19. Qc4 e6 20. dxe6 Rxe6 21. Bf2
d5 22. exd5 Nxd5 23. Nd4 Rc8 24. Qb3 Nxf4 25. N2f3 Nc5 26. Qd1 Rd8 0-1

[Event "Split Open 2016"]
[Site "Split CRO"]
[Date "2016.08.18"]
[Round "7.6"]
[White "Armanda, Ivica"]
[Black "Plenkovic, Zdenko"]
[Result "1/2-1/2"]
[WhiteElo "2335"]
[BlackElo "2409"]
[PlyCount "98"]
[EventDate "2016.08.13"]
[EventType "swiss"]
[EventRounds "9"]
[EventCountry "CRO"]
[SourceTitle "Ajedrez en Madrid"]
[Source "lmi"]
[SourceDate "2016.08.13"]
[SourceVersion "1"]
[SourceVersionDate "2018.03.10"]
[SourceQuality "1"]

1. e4 c5 2. Nf3 a6 3. c4 Nc6 4. d4 cxd4 5. Nxd4 e5 6. Nb3 Nf6 7. Nc3 Bb4 8. Bd3
d6 9. O-O O-O 10. Bg5 Bxc3 11. bxc3 h6 12. Bc1 Bg4 13. Be2 Be6 14. Qc2 Qc7 15.
f4 exf4 16. Bxf4 Nd7 17. c5 Nde5 18. cxd6 Qxd6 19. Rad1 Qa3 20. Rb1 Rac8 21.
Qb2 Qxb2 22. Rxb2 Nc4 23. Bxc4 Bxc4 24. Re1 Bxb3 25. axb3 Rfd8 26. Re3 g5 27.
Bg3 a5 28. h4 Rd1+ 29. Kh2 gxh4 30. Bxh4 Ne5 31. Rg3+ Ng6 32. Bf6 Rf1 33. Bd4
Re8 34. Ra2 Rxe4 35. Rxa5 Rh4+ 36. Rh3 Rxh3+ 37. Kxh3 Nf4+ 38. Kh2 Ne6 39. Ra8+
Kh7 40. Rb8 Nxd4 41. cxd4 Rd1 42. Rxb7 Kg6 43. Rb4 Kf5 44. Rb7 f6 45. Rb5+ Kg4
46. Rb6 Kg5 47. Rd6 Rb1 48. Rb6 Rd1 49. Rd6 Rb1 1/2-1/2

[Event "Split Open 2016"]
[Site "Split CRO"]
[Date "2016.08.18"]
[Round "7.7"]
[White "Von Bahr, Oskar"]
[Black "Thorarinsson, Pall A."]
[Result "1/2-1/2"]
[WhiteElo "2378"]
[BlackElo "2270"]
[PlyCount "107"]
[EventDate "2016.08.13"]
[EventType "swiss"]
[EventRounds "9"]
[EventCountry "CRO"]
[SourceTitle "Ajedrez en Madrid"]
[Source "lmi"]
[SourceDate "2016.08.13"]
[SourceVersion "1"]
[SourceVersionDate "2018.03.10"]
[SourceQuality "1"]

1. e4 e6 2. d4 d5 3. Nd2 Nf6 4. e5 Nfd7 5. Bd3 c5 6. c3 cxd4 7. cxd4 Nc6 8. Ne2
Qb6 9. Nf3 f6 10. exf6 Nxf6 11. O-O Bd6 12. Bf4 Bxf4 13. Nxf4 O-O 14. Re1 Ne4
15. g3 g5 16. Bxe4 gxf4 17. Bc2 fxg3 18. hxg3 e5 19. dxe5 Bg4 20. Re3 d4 21.
Rb3 Qc7 22. Be4 Nxe5 23. Rxb7 Nxf3+ 24. Bxf3 Qxb7 25. Bxb7 Bxd1 26. Bxa8 Bc2
27. Bd5+ Kg7 28. Bb3 Rc8 29. Bxc2 Rxc2 30. Rd1 Rxb2 31. Rxd4 Rxa2 32. Kg2 a5
33. Rd6 a4 34. Ra6 a3 35. Kf3 Ra1 36. Kf4 h5 37. Kg5 a2 38. Ra7+ Kf8 39. Kf6
Ke8 40. f4 h4 41. gxh4 Rf1 42. Ra8+ Kd7 43. Rxa2 Rxf4+ 44. Kg5 Rf1 45. Re2 Rg1+
46. Kh6 Rg4 47. h5 Rg3 48. Kh7 Rg5 49. h6 Rg4 50. Kh8 Rg6 51. h7 Rg5 52. Ra2
Ke7 53. Ra8 Kf7 54. Rg8 1/2-1/2

[Event "Split Open 2016"]
[Site "Split CRO"]
[Date "2016.08.18"]
[Round "7.8"]
[White "Aronsson, Marten"]
[Black "Bontempi, Piero"]
[Result "1-0"]
[WhiteElo "2317"]
[BlackElo "2376"]
[PlyCount "63"]
[EventDate "2016.08.13"]
[EventType "swiss"]
[EventRounds "9"]
[EventCountry "CRO"]
[SourceTitle "Ajedrez en Madrid"]
[Source "lmi"]
[SourceDate "2016.08.13"]
[SourceVersion "1"]
[SourceVersionDate "2018.03.10"]
[SourceQuality "1"]

1. d4 d5 2. Nf3 Bf5 3. c4 e6 4. Nc3 Nf6 5. g3 Nc6 6. a3 dxc4 7. Qa4 Nd7 8. Qxc4
Nb6 9. Qb3 Be7 10. Bg2 O-O 11. e3 a5 12. O-O a4 13. Qd1 Qc8 14. Qe2 Rd8 15. h3
Bg6 16. Rd1 Bf6 17. Nd2 Bxd4 18. exd4 Nxd4 19. Qe5 c5 20. g4 Bc2 21. Re1 Bd3
22. Nde4 Nd7 23. Qh5 Nc2 24. Rd1 Bxe4 25. Nxe4 Nxa1 26. Nd6 g6 27. Qh4 Qc7 28.
Qe7 Rf8 29. Bh6 Qd8 30. Bxf8 Nxf8 31. Qxf7+ Kh8 32. Qxb7 1-0

[Event "Split Open 2016"]
[Site "Split CRO"]
[Date "2016.08.18"]
[Round "7.9"]
[White "Drnovšek, Gal"]
[Black "Parligras, Cosmin"]
[Result "1/2-1/2"]
[WhiteElo "2367"]
[BlackElo "2260"]
[PlyCount "84"]
[EventDate "2016.08.13"]
[EventType "swiss"]
[EventRounds "9"]
[EventCountry "CRO"]
[SourceTitle "Ajedrez en Madrid"]
[Source "lmi"]
[SourceDate "2016.08.13"]
[SourceVersion "1"]
[SourceVersionDate "2018.03.10"]
[SourceQuality "1"]

1. d4 Nf6 2. c4 e6 3. Nc3 Bb4 4. Qc2 d5 5. cxd5 Qxd5 6. e3 c5 7. Bd2 Bxc3 8.
Bxc3 cxd4 9. Bxd4 Nc6 10. Bc3 e5 11. h3 Be6 12. Nf3 Qc5 13. Qa4 O-O 14. Be2 Nd5
15. Bd2 Qb6 16. O-O a6 17. Bd3 h6 18. Rfd1 Qxb2 19. Rdc1 Qb6 20. Rab1 Qc7 21.
g4 Qe7 22. Kg2 Rfd8 23. Be4 Qd7 24. Bc3 f6 25. Ba1 Nde7 26. Bb2 Bd5 27. Ba3 b5
28. Qc2 Bxe4 29. Qxe4 Qd5 30. Qxd5+ Rxd5 31. Bxe7 Nxe7 32. Rc7 Kf8 33. Rbc1 Ke8
34. Kg3 Kd8 35. Rb7 Rd7 36. Rb6 Rc7 37. Rd1+ Kc8 38. Rdd6 Rca7 39. Re6 Kd7 40.
Nd2 Nc8 41. Rbc6 Ne7 42. Rb6 Nc8 1/2-1/2

[Event "Split Open 2016"]
[Site "Split CRO"]
[Date "2016.08.18"]
[Round "7.11"]
[White "Rodi, Luis Ernesto"]
[Black "Lafortune, Emerick"]
[Result "1-0"]
[WhiteElo "2344"]
[BlackElo "1938"]
[PlyCount "87"]
[EventDate "2016.08.13"]
[EventType "swiss"]
[EventRounds "9"]
[EventCountry "CRO"]
[SourceTitle "Ajedrez en Madrid"]
[Source "lmi"]
[SourceDate "2016.08.13"]
[SourceVersion "1"]
[SourceVersionDate "2018.03.10"]
[SourceQuality "1"]

1. e4 e5 2. Nf3 Nc6 3. d4 exd4 4. Nxd4 Bc5 5. Be3 Qf6 6. c3 Nge7 7. Qd2 a6 8.
Bc4 O-O 9. O-O b5 10. Be2 Bb7 11. f4 d6 12. Kh1 Ba7 13. Bf3 Na5 14. Na3 c5 15.
Nb3 Nxb3 16. axb3 Qe6 17. f5 Qd7 18. Rad1 Rad8 19. c4 b4 20. Nc2 f6 21. Nxb4
cxb4 22. Bxa7 Bxe4 23. Bxe4 Qxa7 24. Qxb4 Qe3 25. Rde1 Qd4 26. Qc3 Qb6 27. Bf3
Nc6 28. Bd5+ Kh8 29. Bxc6 Qxc6 30. Re6 Rde8 31. Rfe1 Rxe6 32. fxe6 Re8 33. Qd4
Kg8 34. Qa7 Qc8 35. Qf7+ Kh8 36. e7 h6 37. Re3 Qd7 38. h3 f5 39. Re6 a5 40.
Qf8+ Kh7 41. Qxf5+ Kg8 42. Qd5 Kh7 43. c5 Rxe7 44. Qe4+ 1-0

[Event "Split Open 2016"]
[Site "Split CRO"]
[Date "2016.08.18"]
[Round "7.13"]
[White "Plenca, Julijan"]
[Black "Zilverberg, Jasper"]
[Result "1-0"]
[WhiteElo "2410"]
[BlackElo "2083"]
[PlyCount "81"]
[EventDate "2016.08.13"]
[EventType "swiss"]
[EventRounds "9"]
[EventCountry "CRO"]
[SourceTitle "Ajedrez en Madrid"]
[Source "lmi"]
[SourceDate "2016.08.13"]
[SourceVersion "1"]
[SourceVersionDate "2018.03.10"]
[SourceQuality "1"]

1. e4 c5 2. Nf3 e6 3. d4 cxd4 4. Nxd4 Nc6 5. Nc3 Qc7 6. Be3 a6 7. Bd3 Nf6 8.
O-O Bc5 9. Nxe6 dxe6 10. Bxc5 b6 11. Ba3 Ne7 12. Re1 O-O 13. e5 Nfd5 14. Nxd5
exd5 15. Bd6 Qb7 16. c4 Be6 17. Bxe7 Qxe7 18. cxd5 Bxd5 19. Bxh7+ Kxh7 20. Qxd5
Rfd8 21. Qb3 Qe6 22. Qxe6 fxe6 23. Re2 g5 24. g3 Kg6 25. Rc1 Rac8 26. Rxc8 Rxc8
27. g4 Rc4 28. f3 Ra4 29. b3 Rd4 30. Kf2 Rd1 31. Rc2 b5 32. Rc6 Rd2+ 33. Kg3
Rxa2 34. Rxe6+ Kf7 35. Rf6+ Kg7 36. h4 gxh4+ 37. Kxh4 Ra3 38. f4 a5 39. Ra6 a4
40. Ra7+ Kg8 41. e6 1-0

[Event "Split Open 2016"]
[Site "Split CRO"]
[Date "2016.08.18"]
[Round "7.14"]
[White "Ostovic, Matija"]
[Black "Vrankovic, Ivan"]
[Result "1-0"]
[WhiteElo "2352"]
[BlackElo "2077"]
[PlyCount "81"]
[EventDate "2016.08.13"]
[EventType "swiss"]
[EventRounds "9"]
[EventCountry "CRO"]
[SourceTitle "Ajedrez en Madrid"]
[Source "lmi"]
[SourceDate "2016.08.13"]
[SourceVersion "1"]
[SourceVersionDate "2018.03.10"]
[SourceQuality "1"]

1. Nf3 Nf6 2. g3 g6 3. b3 Bg7 4. Bb2 O-O 5. Bg2 c5 6. c4 Nc6 7. O-O d6 8. d4
cxd4 9. Nxd4 Bd7 10. e3 Nxd4 11. exd4 d5 12. Nc3 Bc6 13. c5 e6 14. b4 Ne4 15.
Nxe4 dxe4 16. Qe2 f5 17. Rfd1 Qd7 18. f3 Ba4 19. Rd2 Bh6 20. fxe4 Bxd2 21. Qxd2
fxe4 22. Bxe4 Rae8 23. d5 e5 24. Re1 Bb5 25. d6 Bc6 26. Bd5+ Bxd5 27. Qxd5+ Qf7
28. Qxf7+ Rxf7 29. b5 Rd7 30. Rxe5 Kf7 31. Rxe8 Kxe8 32. Be5 Rf7 33. c6 bxc6
34. bxc6 Rf5 35. Bd4 Rd5 36. d7+ Kd8 37. Bf6+ Kc7 38. Kg2 a5 39. g4 h5 40. Kf3
hxg4+ 41. Kxg4 1-0

[Event "Split Open 2016"]
[Site "Split CRO"]
[Date "2016.08.18"]
[Round "7.15"]
[White "Šuta, Andraz"]
[Black "Stocko, Josip"]
[Result "1/2-1/2"]
[WhiteElo "2093"]
[BlackElo "2326"]
[PlyCount "75"]
[EventDate "2016.08.13"]
[EventType "swiss"]
[EventRounds "9"]
[EventCountry "CRO"]
[SourceTitle "Ajedrez en Madrid"]
[Source "lmi"]
[SourceDate "2016.08.13"]
[SourceVersion "1"]
[SourceVersionDate "2018.03.10"]
[SourceQuality "1"]

1. e4 c5 2. Nf3 d6 3. d4 cxd4 4. Nxd4 Nf6 5. Nc3 a6 6. Bc4 e6 7. Bb3 b5 8. O-O
Be7 9. a3 O-O 10. f4 Qc7 11. Kh1 Nc6 12. Be3 Bb7 13. f5 Nxd4 14. Bxd4 e5 15.
Be3 Bc6 16. Bg5 Rac8 17. Bxf6 Bxf6 18. Qd3 Qb6 19. Rfd1 a5 20. a4 bxa4 21. Bxa4
Bxa4 22. Nxa4 Qb4 23. c3 Qb7 24. c4 Rb8 25. Nc3 Qxb2 26. Rxa5 Rb3 27. Rb5 h6
28. Rxb3 Qxb3 29. Nb5 Qb4 30. Nxd6 Be7 31. Qd5 Bxd6 32. Qxd6 Qxd6 33. Rxd6 Rc8
34. Rd1 Rxc4 35. Re1 Kf8 36. Kg1 Ke7 37. Kf2 Kf6 38. h4 1/2-1/2

[Event "Split Open 2016"]
[Site "Split CRO"]
[Date "2016.08.18"]
[Round "7.17"]
[White "Abrahams, Daniel"]
[Black "Zelic, Mladen"]
[Result "0-1"]
[WhiteElo "2065"]
[BlackElo "2294"]
[PlyCount "44"]
[EventDate "2016.08.13"]
[EventType "swiss"]
[EventRounds "9"]
[EventCountry "CRO"]
[SourceTitle "Ajedrez en Madrid"]
[Source "lmi"]
[SourceDate "2016.08.13"]
[SourceVersion "1"]
[SourceVersionDate "2018.03.10"]
[SourceQuality "1"]

1. e4 e5 2. Nf3 Nc6 3. Bb5 f5 4. d3 fxe4 5. dxe4 Nf6 6. O-O d6 7. Nc3 Be7 8.
Qd3 O-O 9. Be3 Kh8 10. Bc4 Nh5 11. Nd5 Bg4 12. Nd2 Nf4 13. Bxf4 exf4 14. f3 Bd7
15. Nxe7 Qxe7 16. Qd5 Qh4 17. Rf2 Rae8 18. Qd3 Re5 19. Nf1 Rh5 20. Qd2 Ne5 21.
Be2 Rf6 22. g4 Bxg4 0-1

[Event "Split Open 2016"]
[Site "Split CRO"]
[Date "2016.08.18"]
[Round "7.19"]
[White "Muha, Miljenko"]
[Black "Van Laatum, Maarten"]
[Result "1-0"]
[WhiteElo "2214"]
[BlackElo "2018"]
[PlyCount "69"]
[EventDate "2016.08.13"]
[EventType "swiss"]
[EventRounds "9"]
[EventCountry "CRO"]
[SourceTitle "Ajedrez en Madrid"]
[Source "lmi"]
[SourceDate "2016.08.13"]
[SourceVersion "1"]
[SourceVersionDate "2018.03.10"]
[SourceQuality "1"]

1. d4 Nf6 2. c4 g6 3. Nc3 Bg7 4. e4 d6 5. Nf3 O-O 6. Be2 c5 7. O-O Bg4 8. d5
Bxf3 9. Bxf3 a6 10. a4 Nbd7 11. Be3 Ne8 12. Qd2 Nc7 13. Be2 Re8 14. Ra3 e6 15.
dxe6 Nxe6 16. Qxd6 Nd4 17. Bd1 Be5 18. Qd5 Qc7 19. f4 Nf6 20. Qxe5 Rxe5 21.
fxe5 Qxe5 22. Bf4 Qe6 23. e5 Nd7 24. Nd5 Rf8 25. Re3 b5 26. b3 bxc4 27. bxc4
Rb8 28. Nf6+ Nxf6 29. exf6 Qb6 30. a5 Qb2 31. Bxb8 Qxb8 32. Re7 Nf5 33. Ba4 Nd6
34. Rfe1 Kf8 35. Rd1 1-0

[Event "Split Open 2016"]
[Site "Split CRO"]
[Date "2016.08.18"]
[Round "7.20"]
[White "Verdaguer Muntanya, Marc"]
[Black "Pavic, Filip"]
[Result "0-1"]
[WhiteElo "2062"]
[BlackElo "2209"]
[PlyCount "54"]
[EventDate "2016.08.13"]
[EventType "swiss"]
[EventRounds "9"]
[EventCountry "CRO"]
[SourceTitle "Ajedrez en Madrid"]
[Source "lmi"]
[SourceDate "2016.08.13"]
[SourceVersion "1"]
[SourceVersionDate "2018.03.10"]
[SourceQuality "1"]

1. d4 Nf6 2. Nf3 g6 3. Nc3 d5 4. Bf4 Bg7 5. e3 O-O 6. Ne5 Nh5 7. Nd3 Nxf4 8.
Nxf4 c6 9. Be2 Nd7 10. h4 e5 11. dxe5 Nxe5 12. h5 b5 13. hxg6 hxg6 14. a3 a5
15. Bd3 Nxd3+ 16. cxd3 d4 17. exd4 Re8+ 18. Nfe2 Qxd4 19. O-O Qh4 20. Qd2 Bh6
21. Qc2 Bg4 22. Ng3 Bf4 23. Nce4 f5 24. Qb3+ Kg7 25. Qc3+ Be5 26. d4 Bf4 27.
Nc5 Rh8 0-1